Personnalités francophones en i - Statistiques

Statistiques générales
  • Ce quiz a été pris 135 fois
  • Le résultat moyen est 4 sur 8
Statistiques - réponses
Par images Réponse % Correct
Indila
83%
Zlatan ibrahimovic
81%
Alban Ivanov
75%
Cyprien Iov
49%
Jean Imbert
37%
Isabelle Ithurburu
24%
Thomas Isle
6%
Eugène Ionesco
5%
Aucun quiz correspondant
Distribution des résultats
% des personnes avec chaque résultat
Percentile par nombre de réponses
Votre historique - résultats
Vous n’avez pas pris ce quiz